Šumava /
Autor přináší svůj místopisně laděný vhled do krajiny Šumavy a připomíná regionální, vlastivědné, historické a kulturní zajímavosti.
Uloženo v:
| Série: | Za tichem,
část |
|---|---|
| Hlavní autor: | |
| Médium: | E-kniha |
| Jazyk: | Czech |
| Vydáno: |
V Praze :
Motto,
2026
|
| Vydání: | 1. vydání |
| Edice: | Za tichem
|
| Témata: | |
| Příbuzné jednotky: | Z cyklu::
Za tichem |
| Tagy: |
Žádné tagy |
| LEADER | 02192nam a2200505 i 4500 | ||
|---|---|---|---|
| 001 | 312947 | ||
| 003 | CZ PrSKC | ||
| 005 | 20260601215731.0 | ||
| 007 | ta | ||
| 008 | 260330s2026 xr a e f 000 0 cze | ||
| 015 | |a cnb003747693 | ||
| 020 | |a 9788026760399 |q (brožováno) : |c Kč 349,00 | ||
| 040 | |a BOA001 |b cze |d ABA001 |e rda | ||
| 043 | |a e-xr--- |a e-gx--- |a e-au--- |b e-xr-cc |2 czenas | ||
| 072 | 7 | |a 908(437) |x Vlastivěda Česka a Slovenska |2 Konspekt | |
| 080 | |a 908(437.31-13) |2 MRF | ||
| 080 | |a (437.31-13) |2 MRF | ||
| 080 | |a (036) |2 MRF | ||
| 080 | |a (0.062) |2 MRF | ||
| 100 | 1 | |a Palán, Aleš, |d 1965- |7 xx0025842 |4 aut | |
| 245 | 1 | 0 | |a Šumava / |c Aleš Palán |
| 250 | |a 1. vydání | ||
| 264 | 1 | |a V Praze : |b Motto, |c 2026 | |
| 300 | |a 179 stran : |b ilustrace ; |c 19 cm | ||
| 336 | |a text |b txt |2 rdacontent | ||
| 337 | |a bez média |b n |2 rdamedia | ||
| 338 | |a svazek |b nc |2 rdacarrier | ||
| 490 | 1 | |a Za tichem ; |v svazek 6 | |
| 500 | |a Obálkový podnázev: nekorektní antiprůvodce po nejrozsáhlejším a nejvtipnějším českém pohoří | ||
| 520 | 2 | |a Autor přináší svůj místopisně laděný vhled do krajiny Šumavy a připomíná regionální, vlastivědné, historické a kulturní zajímavosti. | |
| 651 | 7 | |a Šumava (pohoří) |7 ge128617 |x vlastivěda a dějiny |2 czenas | |
| 651 | 9 | |a Šumava Mountains |x local history and geography |2 eczenas | |
| 655 | 7 | |a průvodce |7 fd133154 |2 czenas | |
| 655 | 7 | |a populárně-naučné publikace |7 fd131864 |2 czenas | |
| 655 | 9 | |a guidebooks |2 eczenas | |
| 655 | 9 | |a popular works |2 eczenas | |
| 710 | 2 | |a Motto (nakladatelství) |7 xx0183724 |4 pbl | |
| 787 | 0 | 8 | |i Z cyklu: |t Za tichem |
| 830 | 0 | |a Za tichem | |
| 900 | |a ABA001 |b 21 | ||
| 928 | 9 | |a Albatros Media - Motto | |
| 044 | |a xr | ||
| 910 | |a RBIT002 | ||
| 998 | |d 426127 |a https://core.palmknihy.cz/api/books/426127/cover?td64vr |b https://core.palmknihy.cz/api/books/426127/cover/400?td64vr |c https://core.palmknihy.cz/api/books/426127/cover/50?td64vr |e 2035-12-31 |g 184 |i 9788026760399 |j https://core.palmknihy.cz/api/books/426127/preview.epub |k https://core.palmknihy.cz/api/books/426127/preview.pdf |l |q 49 |r 1 |s https://www.palmknihy.cz/kniha/426127 |t ebook |y 2026 |z 0 | ||
| 999 | |d 312945 | ||